[Event "Battlefield Grunfeld"]
[Site "SchemingMind.com"]
[Date "2006.02.13"]
[Round "-"]
[White "Michael_f"]
[Black "KaliYuga"]
[Result "0-1"]
[WhiteCountry "IRL"]
[BlackCountry "IRL"]
[WhiteElo "953"]
[WhiteRD "128"]
[BlackElo "1935"]
[BlackRD "68"]
[GameID "39089"]

1. d4 Nf6 2. c4 g6 3. Nc3 d5 4. cxd5 Nxd5 5. Nf3 Nxc3 6. bxc3 Bg7 7. e3 O-O 8. h4 c5 9. g3 Be6 10. Bd3 Nc6
11. Ba3 Bg4 12. Rb1 cxd4 13. Rxb7 dxe3 14. Rxe7 Nxe7 15. fxe3 Bxf3 16. Rf1 Bxd1 17. Kxd1 Qxd3+
0-1

[Event "Battlefield Grunfeld"]
[Site "SchemingMind.com"]
[Date "2006.02.13"]
[Round "-"]
[White "KaliYuga"]
[Black "Michael_f"]
[Result "1-0"]
[WhiteCountry "IRL"]
[BlackCountry "IRL"]
[WhiteElo "1904"]
[WhiteRD "61"]
[BlackElo "1014"]
[BlackRD "126"]
[GameID "39090"]

1. d4 Nf6 2. c4 g6 3. Nc3 d5 4. cxd5 Bg4 5. f3 Bh5 6. g4 Nxg4 7. fxg4 Bxg4 8. h3 Bh5 9. Be3 b6 10. Bg2 c6
11. dxc6 Nxc6 12. Bxc6+ Qd7 13. Bxd7+ Kxd7 14. Qa4+ b5 15. Qxb5+ Kc7 16. Nd5+ Kd6 17. Bf4+ Ke6 18. Qc6+ Kf5 19. Nxe7+ Bxe7 20. Qd5+ Kxf4
21. Qe5#
1-0

[Event "Battlefield Grunfeld"]
[Site "SchemingMind.com"]
[Date "2006.02.13"]
[Round "-"]
[White "Scramble Suit"]
[Black "KaliYuga"]
[Result "0-1"]
[WhiteCountry "IRL"]
[BlackCountry "IRL"]
[WhiteElo "1493"]
[WhiteRD "86"]
[BlackElo "1935"]
[BlackRD "68"]
[GameID "39094"]

1. d4 Nf6 2. c4 g6 3. Nc3 d5 4. cxd5 Nxd5 5. e4 Nxc3 6. bxc3 Bg7 7. Nf3 c5 8. Bb5+ Nd7 9. O-O a6 10. Bc4 b5
11. Bd5 Rb8 12. Ng5 e6 13. Nxf7 Kxf7 14. Qf3+ Qf6 15. Bf4 exd5 16. e5 Qf5 17. Rae1 Re8 18. g4 Qe6 19. Bh6+ Kg8 20. Bxg7 Kxg7
21. Re3 Rf8 22. Qh3 cxd4 23. cxd4 Rf4 24. f3 Rxd4 25. g5 Qxh3
0-1

[Event "Battlefield Grunfeld"]
[Site "SchemingMind.com"]
[Date "2006.02.13"]
[Round "-"]
[White "Scramble Suit"]
[Black "Michael_f"]
[Result "1-0"]
[WhiteCountry "IRL"]
[BlackCountry "IRL"]
[WhiteElo "1493"]
[WhiteRD "86"]
[BlackElo "953"]
[BlackRD "128"]
[GameID "39095"]

1. d4 Nf6 2. c4 g6 3. Nc3 d5 4. cxd5 Nbd7 5. e4 c6 6. dxc6 bxc6 7. Bc4 e5 8. Nf3 Rb8 9. O-O c5 10. Nxe5 Rb4
11. b3 Nxe4 12. Nxe4 Nxe5 13. dxe5 Qh4 14. Qd5 Ba6 15. Nf6+ Ke7 16. Qd7#
1-0

[Event "Battlefield Grunfeld"]
[Site "SchemingMind.com"]
[Date "2006.02.13"]
[Round "-"]
[White "KaliYuga"]
[Black "Scramble Suit"]
[Result "1-0"]
[WhiteCountry "IRL"]
[BlackCountry "IRL"]
[WhiteElo "1935"]
[WhiteRD "68"]
[BlackElo "1493"]
[BlackRD "86"]
[GameID "39096"]

1. d4 Nf6 2. c4 g6 3. Nc3 d5 4. cxd5 Nxd5 5. e4 Nxc3 6. bxc3 c5 7. Bb5+ Bd7 8. Qa4 Bg7 9. Nf3 a6 10. Bxd7+ Nxd7
11. Be3 b5 12. Qc2 e5 13. d5 O-O 14. c4 f5 15. Ng5 Qf6 16. Ne6 Rf7 17. Bxc5 fxe4 18. O-O e3 19. fxe3 Qh4 20. Rxf7 Qxc4
21. Rxg7+ Kh8 22. Qxc4
1-0

[Event "Battlefield Grunfeld"]
[Site "SchemingMind.com"]
[Date "2006.02.13"]
[Round "-"]
[White "Michael_f"]
[Black "Scramble Suit"]
[Result "0-1"]
[WhiteCountry "IRL"]
[BlackCountry "IRL"]
[WhiteElo "940"]
[WhiteRD "121"]
[BlackElo "1396"]
[BlackRD "85"]
[GameID "39097"]

1. d4 Nf6 2. c4 g6 3. Nc3 d5 4. Bg5 Bg7 5. Nf3 Bg4 6. Ne5 Bf5 7. cxd5 Nxd5 8. Qa4+ c6 9. e4 Nxc3 10. bxc3 Bxe4
11. f3 Bd5 12. c4 b5 13. cxb5 Qd6 14. Rb1 c5 15. Bf4 cxd4 16. Nd3 Qe6+ 17. Kd1 Bxa2 18. Rb2 Bc4 19. Nc5 Qd5 20. Qb4 O-O
21. Bxc4 Qf5 22. Bd2 Nd7 23. Bd3 Qd5 24. Rc2 a5 25. Qa3 Rac8 26. Bxa5 Rxc5 27. Be4 Qc4 28. Rxc4 Rxc4 29. b6 Rc3 30. Bxc3 dxc3
31. b7 Nc5 32. Qxc5 Rd8+ 33. Kc2 f5 34. Bd5+ e6 35. Bxe6+ Kh8 36. g4 Rd2+ 37. Kc1 Rb2 38. h4 Rxb7 39. h5 Rb2 40. Kd1 c2+
41. Kd2 Bh6+ 42. Kc3 Rb1 43. Kxc2 Rxh1 44. Qf8+ Bxf8 45. hxg6 hxg6
0-1

[Event "Battlefield Grunfeld"]
[Site "SchemingMind.com"]
[Date "2006.02.13"]
[Round "-"]
[White "niallmcg"]
[Black "KaliYuga"]
[Result "0-1"]
[WhiteCountry "IRL"]
[BlackCountry "IRL"]
[WhiteElo "1124"]
[WhiteRD "113"]
[BlackElo "1904"]
[BlackRD "61"]
[GameID "39110"]

1. d4 Nf6 2. c4 g6 3. Nc3 d5 4. cxd5 Nxd5 5. Nf3 Nxc3 6. bxc3 Bg7 7. Bb2 O-O 8. a3 c5 9. h3 Nc6 10. e3 cxd4
11. exd4 e5 12. Qa4 exd4 13. cxd4 Re8+ 14. Kd2 Bf5 15. Bd3 Bxd3 16. Kxd3 Qb6 17. Qc2 Rac8 18. Rhe1 Qb5+ 19. Kd2 Nxd4 20. Nxd4 Rxc2+
0-1

[Event "Battlefield Grunfeld"]
[Site "SchemingMind.com"]
[Date "2006.02.13"]
[Round "-"]
[White "niallmcg"]
[Black "Scramble Suit"]
[Result "0-1"]
[WhiteCountry "IRL"]
[BlackCountry "IRL"]
[WhiteElo "1095"]
[WhiteRD "98"]
[BlackElo "1421"]
[BlackRD "84"]
[GameID "39111"]

1. d4 Nf6 2. c4 g6 3. Nc3 d5 4. Qb3 Nc6 5. e3 Be6 6. Qxb7 Na5 7. Qb5+ c6 8. Qb4 Bg7 9. g3 Rb8 10. Qa3 Ne4
11. Nxe4 dxe4 12. Qc5 Qc7 13. Bd2 Nxc4 14. Bxc4 Rxb2 15. Ba5 Qb7 16. f3 Rc2 17. Ne2 Rxc4 18. Qa3 O-O 19. Rd1 Rc2 20. Nc3 exf3
21. Rf1 Bg4 22. Rd2 Rxd2 23. Kxd2 c5 24. Rb1 f2 25. Rf1 Qg2 26. Qc1 cxd4 27. exd4 Bxd4 28. a4 Qf3 29. Kc2 Bxc3 30. Bxc3 Rc8
31. Qa3 Qe2+
0-1

[Event "Battlefield Grunfeld"]
[Site "SchemingMind.com"]
[Date "2006.02.13"]
[Round "-"]
[White "niallmcg"]
[Black "Michael_f"]
[Result "1-0"]
[WhiteCountry "IRL"]
[BlackCountry "IRL"]
[WhiteElo "1095"]
[WhiteRD "98"]
[BlackElo "971"]
[BlackRD "124"]
[GameID "39112"]

1. d4 Nf6 2. c4 g6 3. Nc3 d5 4. e4 dxc4 5. Bxc4 a6 6. f3 Nc6 7. Nce2 b5 8. Bd3 e6 9. e5 Nd5 10. Be4 Ne3
11. Bxe3 Qh4+ 12. g3 Qd8 13. Bxc6+ Bd7 14. Bxa8 Qxa8 15. Nf4 Bb4+ 16. Ke2 Bc6 17. d5 Bxd5 18. Nxd5 exd5 19. f4 a5 20. Rc1 c5
21. Rxc5 h5 22. Rxd5 Kf8 23. Rxb5 Kg7 24. a3 Qxh1 25. axb4 Qxh2+ 26. Kf3 Qxb2 27. Bd4 Qb3+ 28. Qxb3 Rd8 29. Ne2
1-0

[Event "Battlefield Grunfeld"]
[Site "SchemingMind.com"]
[Date "2006.02.13"]
[Round "-"]
[White "KaliYuga"]
[Black "niallmcg"]
[Result "1-0"]
[WhiteCountry "IRL"]
[BlackCountry "IRL"]
[WhiteElo "1899"]
[WhiteRD "65"]
[BlackElo "1083"]
[BlackRD "109"]
[GameID "39113"]

1. d4 Nf6 2. c4 g6 3. Nc3 d5 4. cxd5 Nxd5 5. e4 Nf6 6. Bc4 Bg4 7. f3 Bh5 8. g4 Bxg4 9. fxg4 Nc6 10. Nf3 Nxg4
11. Rf1 h5 12. d5 Nce5 13. Nxe5 Nxe5 14. Bb3 e6 15. dxe6 fxe6 16. Qxd8+ Rxd8 17. Bxe6 Ke7 18. Bb3 Nd3+ 19. Ke2 Nxc1+ 20. Raxc1 b6
21. Rf7+ Ke8 22. Nb5 Rd7 23. Nxc7+ Kd8 24. Ne6+ Ke8 25. Nxf8 Rxf7 26. Rc8+ Ke7 27. Nxg6+ Kf6 28. Rxh8 Kxg6 29. Bxf7+ Kxf7 30. Rxh5 Kg6
31. Rf5 Kg7 32. Kf3 a6 33. e5
1-0

[Event "Battlefield Grunfeld"]
[Site "SchemingMind.com"]
[Date "2006.02.14"]
[Round "-"]
[White "Scramble Suit"]
[Black "niallmcg"]
[Result "0-1"]
[WhiteCountry "IRL"]
[BlackCountry "IRL"]
[WhiteElo "1421"]
[WhiteRD "84"]
[BlackElo "1095"]
[BlackRD "98"]
[GameID "39114"]

1. d4 Nf6 2. c4 g6 3. Nc3 d5 4. cxd5 e6 5. e4 c6 6. Bg5 Be7 7. Nf3 h6 8. Bf4 Nh5 9. Qd2 cxd5 10. exd5 exd5
11. Bb5+ Nc6 12. O-O Rg8 13. Rfe1 a6 14. Bxc6+ bxc6 15. Re5 Nxf4 16. Qxf4 g5 17. Qf6 Qd6 18. Rxe7+ Qxe7 19. Re1 Be6 20. Qxh6 Rb8
21. Qh7 Qf8 22. Nxg5 Rxg5 23. f4 Rg7 24. f5 Rxh7 25. fxe6 fxe6 26. Rxe6+ Re7
0-1

[Event "Battlefield Grunfeld"]
[Site "SchemingMind.com"]
[Date "2006.02.13"]
[Round "-"]
[White "Michael_f"]
[Black "niallmcg"]
[Result "0-1"]
[WhiteCountry "IRL"]
[BlackCountry "IRL"]
[WhiteElo "940"]
[WhiteRD "121"]
[BlackElo "1095"]
[BlackRD "97"]
[GameID "39115"]

1. d4 Nf6 2. c4 g6 3. Nc3 d5 4. Qa4+ c6 5. cxd5 Nxd5 6. e4 Nb6 7. Qd1 Na6 8. Na4 f6 9. Ne2 f5 10. Nac3 Bg7
11. d5 e6 12. b3 exd5 13. g3 d4 14. h4 O-O 15. Ba3 Nd7 16. Nxd4 Re8 17. Bc4+ Kh8 18. h5 Nf8 19. hxg6 Nxg6 20. Ke2 Ne5
21. Nxf5 Qf6 22. Nd6 Bg4+ 23. f3 Nxf3 24. Nf7+ Kg8 25. e5 Rxe5+ 26. Kf2 Re1 27. Rxe1 Nxe1+ 28. Kxe1 Bxd1 29. Kxd1 Qxc3 30. Rc1 Qxg3
31. Rc2 b5 32. Be6 Re8 33. Rxc6 Nb8 34. Nh6+ Kh8 35. Nf7+ Kg8 36. Rc5 Qg6 37. Bd5 Nd7 38. Rxb5 Re3 39. Rb7 Qd3+ 40. Kc1 Re2
41. Rxa7 Qc2#
0-1

[Event "Battlefield Grunfeld"]
[Site "SchemingMind.com"]
[Date "2006.05.11"]
[Round "-"]
[White "Quebec Libre"]
[Black "Scramble Suit"]
[Result "1/2-1/2"]
[WhiteCountry "IRL"]
[BlackCountry "IRL"]
[WhiteElo "1276"]
[WhiteRD "98"]
[BlackElo "1396"]
[BlackRD "85"]
[GameID "39120"]

1. d4 Nf6 2. c4 g6 3. Nc3 d5 4. e3 Nc6 5. Nf3 Bg4 6. Bd3 Bg7 7. O-O e6 8. b3 h5 9. cxd5 Nxd5 10. Bd2 e5
11. dxe5 Nxe5 12. Be2 Bxf3 13. Bxf3 Nxf3+ 14. Qxf3 Nf6 15. Ne4 Ng4 16. Rac1 f5 17. Nc5 Qd6 18. g3 Qxd2 19. Qxb7 O-O 20. Qxc7 Bb2
21. Rc4 Rad8 22. Ne6 Rf7 23. Qxd8+ Qxd8 24. Nxd8 Rf8= 25. Ne6 Re8 26. Nc7 Rc8 27. f3 Ne5=
1/2-1/2

[Event "Battlefield Grunfeld"]
[Site "SchemingMind.com"]
[Date "2006.05.11"]
[Round "-"]
[White "Quebec Libre"]
[Black "Michael_f"]
[Result "1-0"]
[WhiteCountry "IRL"]
[BlackCountry "IRL"]
[WhiteElo "1282"]
[WhiteRD "108"]
[BlackElo "927"]
[BlackRD "137"]
[GameID "39121"]

1. d4 Nf6 2. c4 g6 3. Nc3 d5 4. e3 e6 5. Bd3 c6 6. Nf3 Bh6 7. O-O Ng4 8. b3 Nd7 9. Re1 Ndf6 10. a4 Qa5
11. Bd2 dxc4 12. Bxc4 b5 13. axb5 Qb4 14. bxc6 a5 15. e4 Bxd2 16. Qxd2 Qd6 17. e5 Qxc6 18. exf6 Qc7 19. d5 Nxh2 20. Nxh2 h5
21. dxe6
1-0

[Event "Battlefield Grunfeld"]
[Site "SchemingMind.com"]
[Date "2006.05.11"]
[Round "-"]
[White "Quebec Libre"]
[Black "niallmcg"]
[Result "0-1"]
[WhiteCountry "IRL"]
[BlackCountry "IRL"]
[WhiteElo "1282"]
[WhiteRD "113"]
[BlackElo "1067"]
[BlackRD "118"]
[GameID "39122"]

1. d4 Nf6 2. c4 g6 3. Nc3 d5 4. e3 Bg4 5. Nf3 h5 6. Bd3 c6 7. O-O a6 8. b3 e6 9. cxd5 exd5 10. a4 Qb6
11. Rb1 Qb4 12. Qc2 b5 13. Ba3 Qxa3 14. Ra1 Qe7 15. Ne5 Bh6 16. axb5 O-O 17. bxc6 Qd6 18. Na4 Nfd7 19. cxd7 Nxd7 20. b4 Bf5
21. Bxf5 gxf5 22. Rfe1 Nxe5
0-1

[Event "Battlefield Grunfeld"]
[Site "SchemingMind.com"]
[Date "2006.02.13"]
[Round "-"]
[White "KaliYuga"]
[Black "Quebec Libre"]
[Result "1-0"]
[WhiteCountry "IRL"]
[BlackCountry "IRL"]
[WhiteElo "1899"]
[WhiteRD "65"]
[BlackElo "1274"]
[BlackRD "104"]
[GameID "39123"]

1. d4 Nf6 2. c4 g6 3. Nc3 d5 4. Qb3 e6 5. Nf3 Nc6 6. Bg5 Bb4 7. a3 Bxc3+ 8. bxc3 dxc4 9. Qxc4 Bd7 10. e4 h6
11. Bxf6 Qxf6 12. e5 Qe7 13. Bd3 O-O-O 14. O-O Na5 15. Qb4 Qxb4 16. axb4 Nb3 17. Rxa7
1-0

[Event "Battlefield Grunfeld"]
[Site "SchemingMind.com"]
[Date "2006.02.14"]
[Round "-"]
[White "Scramble Suit"]
[Black "Quebec Libre"]
[Result "1-0"]
[WhiteCountry "IRL"]
[BlackCountry "IRL"]
[WhiteElo "1421"]
[WhiteRD "84"]
[BlackElo "1238"]
[BlackRD "101"]
[GameID "39124"]

1. d4 Nf6 2. c4 g6 3. Nc3 d5 4. cxd5 Nxd5 5. e4 Nb6 6. Nf3 Nc6 7. Bb5 Bg4 8. Qd3 e6 9. Ne5 Bh5 10. Nxc6 bxc6
11. Bxc6+ Nd7 12. e5 Rb8 13. d5 exd5 14. Nxd5
1-0

[Event "Battlefield Grunfeld"]
[Site "SchemingMind.com"]
[Date "2006.02.13"]
[Round "-"]
[White "Michael_f"]
[Black "Quebec Libre"]
[Result "0-1"]
[WhiteCountry "IRL"]
[BlackCountry "IRL"]
[WhiteElo "927"]
[WhiteRD "125"]
[BlackElo "1312"]
[BlackRD "100"]
[GameID "39125"]

1. d4 Nf6 2. c4 g6 3. Nc3 d5 4. Qa4+ Nc6 5. cxd5 Nxd5 6. Nb5 Bf5 7. f3 Bd7 8. g4 e6 9. e4 Ne3 10. Bxe3 Bb4+
11. Kf2 Qh4+ 12. Kg2 f6 13. Be2 g5 14. a3 Be7 15. d5 exd5 16. Nxc7+ Kd8 17. f4 Kxc7 18. Nf3 Qxg4+ 19. Kf1 gxf4 20. Bxa7 dxe4
21. Ng1 f3 22. Bc4 Nxa7 23. Re1 Bxa4 24. Re3 Bc5 25. Re1 Rae8 26. h3 Qh4 27. b4 Bxg1 28. Rxg1 Re7 29. Rd1 Qxh3+ 30. Ke1 e3
31. Rd3 Qh4+ 32. Kf1 f2 33. Rg8 e2+ 34. Kg2 f1=Q#
0-1

[Event "Battlefield Grunfeld"]
[Site "SchemingMind.com"]
[Date "2006.02.13"]
[Round "-"]
[White "niallmcg"]
[Black "Quebec Libre"]
[Result "0-1"]
[WhiteCountry "IRL"]
[BlackCountry "IRL"]
[WhiteElo "1077"]
[WhiteRD "103"]
[BlackElo "1312"]
[BlackRD "100"]
[GameID "39126"]

1. d4 Nf6 2. c4 g6 3. Nc3 d5 4. cxd5 Nxd5 5. Qd3 Bf5 6. Qd2 e6 7. e4 Nxc3 8. bxc3 Bxe4 9. Qe3 f5 10. f3 Bd5
11. g4 fxg4 12. fxg4 Nc6 13. Bd3 Qh4+ 14. Ke2 Bxh1 15. Nf3 Bxf3+ 16. Kxf3 O-O-O 17. Qxe6+ Rd7 18. Bf4 Bd6 19. Bg3 Bxg3 20. hxg3 Qe7
21. Qc4 Rf8+ 22. Kg2 Na5 23. Qa4 b6 24. Bb5 Rd6 25. c4 Qe2+ 26. Kh3 Rxd4 27. Ba6+ Kb8 28. Qb4 Qxg4+ 29. Kh2 Rf2+ 30. Kg1 Qxg3+
0-1

[Event "Battlefield Grunfeld"]
[Site "SchemingMind.com"]
[Date "2006.03.07"]
[Round "-"]
[White "simon_w"]
[Black "KaliYuga"]
[Result "0-1"]
[WhiteCountry "IRL"]
[BlackCountry "IRL"]
[WhiteElo "1677"]
[WhiteRD "83"]
[BlackElo "1904"]
[BlackRD "61"]
[GameID "39171"]

1. d4 Nf6 2. c4 g6 3. Nc3 d5 4. cxd5 Nxd5 5. e4 Nxc3 6. bxc3 Bg7 7. Nf3 c5 8. Bc4 Nc6 9. Be3 O-O 10. O-O Bg4
11. Bd5 cxd4 12. Bxd4 Nxd4 13. cxd4 Bxf3 14. Qxf3 Rb8 15. e5 e6 16. Bb3 Qxd4 17. Rad1 Qxe5 18. Rfe1 Qc3 19. Re3 Qc6 20. Qxc6 bxc6
21. h4 c5 22. g4 Rb4 23. Rg3 c4 24. Bc2 Rb2 25. Bb1 c3 26. Be4 Rc8 27. Rc1 Be5 28. Rf3 Rc4 29. Re1 Rxe4 30. Rxe4 c2
31. Re1 Rb1
0-1

[Event "Battlefield Grunfeld"]
[Site "SchemingMind.com"]
[Date "2006.03.02"]
[Round "-"]
[White "simon_w"]
[Black "Scramble Suit"]
[Result "1-0"]
[WhiteCountry "IRL"]
[BlackCountry "IRL"]
[WhiteElo "1677"]
[WhiteRD "83"]
[BlackElo "1451"]
[BlackRD "86"]
[GameID "39172"]

1. d4 Nf6 2. c4 g6 3. Nc3 d5 4. cxd5 Nxd5 5. Bf4 Nxf4 6. e3 Nd5 7. Bc4 Be6 8. Qb3 c6 9. Qxb7 Nd7 10. Qxc6 Nxc3
11. Bxe6 Ne4 12. Bxd7+ Qxd7 13. Qxa8+ Qd8 14. Qxe4 Qa5+ 15. Ke2 Bg7 16. Qc6+ Kd8 17. Rc1
1-0

[Event "Battlefield Grunfeld"]
[Site "SchemingMind.com"]
[Date "2006.02.14"]
[Round "-"]
[White "simon_w"]
[Black "Quebec Libre"]
[Result "1-0"]
[WhiteCountry "IRL"]
[BlackCountry "IRL"]
[WhiteElo "1658"]
[WhiteRD "82"]
[BlackElo "1238"]
[BlackRD "101"]
[GameID "39173"]

1. d4 Nf6 2. c4 g6 3. Nc3 d5 4. Bf4 e6 5. e3 Bd6 6. Bg5 Nc6 7. Nb5 Bb4+ 8. Nc3 a5 9. cxd5 exd5 10. Qf3 Be7
11. Bxf6 Bxf6 12. Nxd5 Ne7 13. Qxf6 Nxd5 14. Qxh8+ Ke7 15. Qxd8+ Kxd8 16. Bc4 Be6 17. Bxd5 Bxd5 18. Nf3 b6 19. O-O f6 20. Rfe1
1-0

[Event "Battlefield Grunfeld"]
[Site "SchemingMind.com"]
[Date "2006.02.14"]
[Round "-"]
[White "simon_w"]
[Black "Michael_f"]
[Result "1-0"]
[WhiteCountry "IRL"]
[BlackCountry "IRL"]
[WhiteElo "1677"]
[WhiteRD "83"]
[BlackElo "1014"]
[BlackRD "126"]
[GameID "39174"]

1. d4 Nf6 2. c4 g6 3. Nc3 d5 4. Bf4 Nh5 5. Nxd5 e6 6. Nxc7+ Ke7 7. Bg5+ f6 8. Bxf6+ Kxf6 9. Nxa8 e5 10. dxe5+ Ke7
11. Qxd8+ Kxd8 12. O-O-O+ Ke8 13. Nc7+ Ke7 14. Nf3 Bg7 15. e3 g5 16. Nxg5 Na6 17. Nxa6 h6 18. Nf3 bxa6 19. c5 Bd7 20. Bxa6 Rb8
21. Rd2 Rd8 22. Rhd1 Bh8 23. c6 Kf8 24. Rxd7 Ra8 25. c7
1-0

[Event "Battlefield Grunfeld"]
[Site "SchemingMind.com"]
[Date "2006.02.14"]
[Round "-"]
[White "simon_w"]
[Black "niallmcg"]
[Result "1-0"]
[WhiteCountry "IRL"]
[BlackCountry "IRL"]
[WhiteElo "1677"]
[WhiteRD "83"]
[BlackElo "1124"]
[BlackRD "113"]
[GameID "39175"]

1. d4 Nf6 2. c4 g6 3. Nc3 d5 4. c5 b6 5. cxb6 cxb6 6. Bf4 Nc6 7. e3 a5 8. Bb5 Qd7 9. Be5 Bg7 10. Nf3 O-O
11. Qb3 Ba6 12. Bxf6 exf6 13. Nxd5 Rab8 14. Bxa6 Qa7 15. Bb5 Nd8 16. a4 Qb7 17. Rc1 Rc8 18. Rxc8 Qxc8 19. Ne7+
1-0

[Event "Battlefield Grunfeld"]
[Site "SchemingMind.com"]
[Date "2006.02.14"]
[Round "-"]
[White "KaliYuga"]
[Black "simon_w"]
[Result "1-0"]
[WhiteCountry "IRL"]
[BlackCountry "IRL"]
[WhiteElo "1904"]
[WhiteRD "61"]
[BlackElo "1677"]
[BlackRD "83"]
[GameID "39176"]

1. d4 Nf6 2. c4 g6 3. Nc3 d5 4. Nf3 Bf5 5. cxd5 Nxd5 6. e3 e6 7. a3 a6 8. Bd3 Bg4 9. h3 Bxf3 10. Qxf3 Qf6
11. Qxf6 Nxf6 12. e4 Nc6 13. e5 Nd5 14. Nxd5 exd5 15. Be3 O-O-O 16. Rc1 Na5 17. O-O Bg7 18. b4 Nb3 19. Rc3 Nxd4 20. Bxd4 Rhe8
21. f4 Kb8 22. Rfc1 Rd7 23. b5 axb5 24. Bxb5 c6 25. Bd3 h5 26. Rb1 Kc8 27. Rxc6+ bxc6 28. Ba6+ Kd8 29. Rb8+ Kc7 30. Rxe8 Rd8
31. Re7+
1-0

[Event "Battlefield Grunfeld"]
[Site "SchemingMind.com"]
[Date "2006.02.14"]
[Round "-"]
[White "Scramble Suit"]
[Black "simon_w"]
[Result "0-1"]
[WhiteCountry "IRL"]
[BlackCountry "IRL"]
[WhiteElo "1493"]
[WhiteRD "86"]
[BlackElo "1648"]
[BlackRD "92"]
[GameID "39177"]

1. d4 Nf6 2. c4 g6 3. Nc3 d5 4. cxd5 Nxd5 5. Nxd5 Qxd5 6. Nf3 Bg7 7. b3 Nc6 8. Bb2 Bf5 9. Rc1 Bh6 10. Rc5 Qe4
11. e3 b6 12. Bd3 Qxd3 13. Qxd3 Bxd3 14. Ne5 Nxe5 15. dxe5 bxc5
0-1

[Event "Battlefield Grunfeld"]
[Site "SchemingMind.com"]
[Date "2006.02.14"]
[Round "-"]
[White "Michael_f"]
[Black "simon_w"]
[Result "0-1"]
[WhiteCountry "IRL"]
[BlackCountry "IRL"]
[WhiteElo "953"]
[WhiteRD "128"]
[BlackElo "1648"]
[BlackRD "92"]
[GameID "39179"]

1. d4 Nf6 2. c4 g6 3. Nc3 d5 4. cxd5 Nxd5 5. Nxd5 Qxd5 6. e4 Qxe4+ 7. Be2 Nc6 8. f3 Qxd4 9. Qxd4 Nxd4 10. Bc4 Nc2+
11. Kd2 Nxa1
0-1

[Event "Battlefield Grunfeld"]
[Site "SchemingMind.com"]
[Date "2006.02.14"]
[Round "-"]
[White "niallmcg"]
[Black "simon_w"]
[Result "0-1"]
[WhiteCountry "IRL"]
[BlackCountry "IRL"]
[WhiteElo "1124"]
[WhiteRD "113"]
[BlackElo "1677"]
[BlackRD "83"]
[GameID "39180"]

1. d4 Nf6 2. c4 g6 3. Nc3 d5 4. b3 Nc6 5. Nf3 Bf5 6. g3 e6 7. Bf4 Bb4 8. Rc1 Ne4 9. Bd2 dxc4 10. bxc4 Nxd4
11. e3 Nxf3+ 12. Ke2 Nfxd2 13. Bg2 Nxc3+ 14. Rxc3 Bxc3 15. Bxb7 Qd3+ 16. Ke1 Nf3#
0-1

[Event "Battlefield Grunfeld"]
[Site "SchemingMind.com"]
[Date "2006.02.28"]
[Round "-"]
[White "attakmad"]
[Black "KaliYuga"]
[Result "0-1"]
[WhiteCountry "IRL"]
[BlackCountry "IRL"]
[WhiteElo "1658"]
[WhiteRD "91"]
[BlackElo "1936"]
[BlackRD "63"]
[GameID "40938"]

1. d4 Nf6 2. c4 g6 3. Nc3 d5 4. Bg5 Ne4 5. Nxe4 dxe4 6. e3 Bg7 7. c5 O-O 8. Bc4 b6 9. Qb3 Nc6 10. cxb6 cxb6
11. f4 Na5 12. Qb4 Nxc4 13. Qxc4 Be6 14. Qb4 f6 15. Bh4 Rc8 16. Ne2 Bg4 17. Nc3 Bf5 18. O-O Qd7 19. Rac1 Rc6 20. d5 Rc5
21. Qb3 e6 22. Rfd1 Bg4 23. h3 Bxd1 24. Rxd1 exd5 25. Nxe4 Rb5 26. Qa4 Rf7 27. Qd4 g5
0-1

[Event "Battlefield Grunfeld"]
[Site "SchemingMind.com"]
[Date "2006.02.28"]
[Round "-"]
[White "attakmad"]
[Black "Scramble Suit"]
[Result "1-0"]
[WhiteCountry "IRL"]
[BlackCountry "IRL"]
[WhiteElo "1654"]
[WhiteRD "92"]
[BlackElo "1421"]
[BlackRD "84"]
[GameID "40939"]

1. d4 Nf6 2. c4 g6 3. Nc3 d5 4. e3 Bg7 5. Nf3 c5 6. cxd5 Nxd5 7. Nxd5 Qxd5 8. Qa4+ Bd7 9. Bc4 Qe4 10. Qa3 Nc6
11. Bxf7+ Kd8 12. Qxc5 b6 13. Qd5 Qxd5 14. Bxd5 Rc8 15. Ng5 Nb4 16. Nf7+ Kc7 17. Nxh8 Rxh8 18. Be4 Re8 19. Bd2 a5 20. Bxb4 axb4
21. Rc1+ Kd8 22. Rc4 Be6 23. Rxb4 Bxa2 24. Rxb6 Kc7 25. Rb7+ Kd6 26. O-O Bd5 27. Bxd5 Kxd5 28. Rc1 e5 29. Rxg7
1-0

[Event "Battlefield Grunfeld"]
[Site "SchemingMind.com"]
[Date "2006.02.28"]
[Round "-"]
[White "attakmad"]
[Black "Michael_f"]
[Result "1-0"]
[WhiteCountry "IRL"]
[BlackCountry "IRL"]
[WhiteElo "1654"]
[WhiteRD "92"]
[BlackElo "971"]
[BlackRD "124"]
[GameID "40941"]

1. d4 Nf6 2. c4 g6 3. Nc3 d5 4. e3 Bg4 5. Be2 Nc6 6. Bxg4 h5 7. Bf3 e6 8. Qa4 a6 9. c5 b5 10. Qc2 Nb4
11. Qd2 Bh6 12. Nge2 c6 13. a3 a5 14. axb4 axb4 15. Rxa8 Qxa8 16. Nd1 Ke7 17. Qxb4 Rb8 18. O-O Qb7 19. Re1 Ra8 20. Ndc3 Ra1
21. Bd2 Qa7 22. Rxa1 Qxa1+ 23. Nc1 e5 24. dxe5 Nd7 25. Qa3 Qxa3 26. bxa3 Nxc5 27. N1a2 f5 28. Nb4 Ke6 29. Nxc6 Nb3 30. Bxd5+ Kd7
31. e6+ Kc7 32. Nxb5+
1-0

[Event "Battlefield Grunfeld"]
[Site "SchemingMind.com"]
[Date "2006.02.28"]
[Round "-"]
[White "attakmad"]
[Black "niallmcg"]
[Result "1-0"]
[WhiteCountry "IRL"]
[BlackCountry "IRL"]
[WhiteElo "1617"]
[WhiteRD "91"]
[BlackElo "1083"]
[BlackRD "109"]
[GameID "40942"]

1. d4 Nf6 2. c4 g6 3. Nc3 d5 4. c5 Nfd7 5. Bf4 b6 6. Nxd5 e6 7. Nxc7+ Ke7 8. e4 Bb7 9. Qf3 e5 10. Nxa8 Bxa8
11. dxe5 bxc5 12. Bg5+ f6 13. Bxf6+ Nxf6 14. Qxf6+ Ke8 15. Bb5+ Nd7 16. Qxh8 Bxe4 17. Bxd7+ Qxd7 18. Rd1 Qe7 19. f3 Bc2 20. Rd2 Qh4+
21. g3 Qe7 22. Rxc2
1-0

[Event "Battlefield Grunfeld"]
[Site "SchemingMind.com"]
[Date "2006.02.28"]
[Round "-"]
[White "attakmad"]
[Black "simon_w"]
[Result "0-1"]
[WhiteCountry "IRL"]
[BlackCountry "IRL"]
[WhiteElo "1596"]
[WhiteRD "92"]
[BlackElo "1677"]
[BlackRD "83"]
[GameID "40943"]

1. d4 Nf6 2. c4 g6 3. Nc3 d5 4. cxd5 Nxd5 5. e4 Nxc3 6. bxc3 Bg7 7. Bg5 h6 8. Bh4 g5 9. Bg3 e6 10. e5 Nc6
11. Bb5 Bd7 12. Rb1 f6 13. Qa4 fxe5 14. dxe5 Bxe5 15. Bxe5 Nxe5 16. Bxd7+ Qxd7 17. Qxd7+ Kxd7 18. Rxb7 Rhb8 19. Rb3 Rxb3 20. axb3 Rb8
21. b4 c5 22. Kd2 cxb4 23. Nf3 Nxf3+ 24. gxf3 bxc3+ 25. Kxc3 Rf8 26. Rd1+ Ke7 27. Rd3 Rb8 28. Kd4 Rd8+ 29. Ke4 Rxd3 30. Kxd3 Kd6
0-1

[Event "Battlefield Grunfeld"]
[Site "SchemingMind.com"]
[Date "2006.03.07"]
[Round "-"]
[White "KaliYuga"]
[Black "attakmad"]
[Result "1-0"]
[WhiteCountry "IRL"]
[BlackCountry "IRL"]
[WhiteElo "1936"]
[WhiteRD "63"]
[BlackElo "1658"]
[BlackRD "91"]
[GameID "40944"]

1. d4 Nf6 2. c4 g6 3. Nc3 d5 4. Nf3 e6 5. Bg5 Bg7 6. e3 O-O 7. Bd3 Nbd7 8. O-O c5 9. cxd5 cxd4 10. Nxd4 exd5
11. Nxd5 Nb6 12. Nxb6 Qxb6 13. Qc2 Nd5 14. a3 Bxd4 15. exd4 Qxd4 16. Rad1 Be6 17. Be4 Qe5 18. f4 Qc7 19. Qxc7 Nxc7 20. f5 gxf5
21. Bxf5 Bxf5 22. Rxf5 Ne6 23. Rd7 Ng7 24. Rfd5 b6 25. Bh6 Rac8 26. Rg5
1-0